| 000 -LEADER |
| fixed length control field |
00823cam a2200253 i 4500 |
| 020 ## - INTERNATIONAL STANDARD BOOK NUMBER |
| ISBN |
9789251073971 |
| 020 ## - INTERNATIONAL STANDARD BOOK NUMBER |
| ISBN |
925107397X |
| 040 ## - CATALOGING SOURCE |
| Transcribing agency |
COO |
| 082 04 - DEWEY DECIMAL CLASSIFICATION NUMBER |
| Classification number |
363 OFF 2012 A079 Or. |
| 245 00 - TITLE STATEMENT |
| Title |
Safety recommendations for decked fishing vessels of less than 12 metres in length and undecked fishing vessels. |
| 300 ## - PHYSICAL DESCRIPTION |
| Number of Pages |
x pages, 254 pages : |
| Other physical details |
illustrations (some color) ; |
| Dimensions |
30 cm |
| 500 ## - GENERAL NOTE |
| General note |
"IMO International Maritime Organization"--Cover. |
| 500 ## - GENERAL NOTE |
| General note |
"ILO"--Cover. |
| 650 #0 - SUBJECT ADDED ENTRY--TOPICAL TERM |
| Topical Term |
Fishing boats |
| 650 #0 - SUBJECT ADDED ENTRY--TOPICAL TERM |
| Topical Term |
Fishing boats |
| 650 #0 - SUBJECT ADDED ENTRY--TOPICAL TERM |
| Topical Term |
Fisheries |
| 650 #0 - SUBJECT ADDED ENTRY--TOPICAL TERM |
| Topical Term |
Fisheries |
| 650 #0 - SUBJECT ADDED ENTRY--TOPICAL TERM |
| Topical Term |
Fishers |
| 650 #0 - SUBJECT ADDED ENTRY--TOPICAL TERM |
| Topical Term |
Ships |
| 710 2# - ADDED ENTRY--CORPORATE NAME |
| Corporate name or jurisdiction name as entry element |
Food and Agriculture Organization of the United Nations, |
| 710 2# - ADDED ENTRY--CORPORATE NAME |
| Corporate name or jurisdiction name as entry element |
International Maritime Organization, |
| 710 2# - ADDED ENTRY--CORPORATE NAME |
| Corporate name or jurisdiction name as entry element |
International Labour Organisation. |
| 942 ## - ADDED ENTRY ELEMENTS (KOHA) |
| Koha item type |
សៀវភៅភាសាអង់គ្លេស |
| 952 ## - LOCATION AND ITEM INFORMATION (KOHA) |
| Withdrawn status [LOCAL, KOHA] |
0 |
| 952 ## - LOCATION AND ITEM INFORMATION (KOHA) |
| Withdrawn status [LOCAL, KOHA] |
0 |